| 000 | 00988nam a2200265 i 4500 | ||
|---|---|---|---|
| 001 | bg | ||
| 100 | 1 | _aONISZCZUK, Walenty | |
| 245 | 1 | 0 |
_aModele, algorytmy kolejkowe i strategie obsługi w sieciach komputerowych / _cWalenty Oniszczuk. |
| 260 |
_aBiałystok : _bWydawnictwo Politechniki Białostockiej, _c2005. |
||
| 300 |
_a160 s. : _bil. ; _c23 cm. |
||
| 490 | 1 |
_aRozprawy Naukowe / Politechnika Białostocka, _x0867-096X ; _vnr 128 |
|
| 504 | _aBibliogr. s. 149-160. | ||
| 650 | 9 |
_aAlgorytmy _xstosowanie _xtechnika |
|
| 650 | 9 |
_aProcesy Markowa _xstosowanie _xtechnika |
|
| 650 | 9 |
_aSieć komputerowa _xbudowa i organizacja |
|
| 650 | 9 |
_aSymulacja _xstosowanie _xtechnika |
|
| 650 | 9 |
_aTeoria masowej obsługi _xstosowanie _xtechnika |
|
| 830 | 0 |
_aRozprawy Naukowe (Politechnika Białostocka) ; _vnr 128 |
|
| 015 | _aPB 11973/2006 | ||
| 040 | _cBPK | ||
| 041 | _apol | ||
| 080 | _a004.7:004.421:004.94:519.87:519.21 | ||
| 942 | _cKS | ||
| 008 | s pl f |000 0 pol | ||
| 999 |
_c52696 _d52696 |
||
| 856 |
_uhttp://koha.tu.koszalin.pl/cgi-bin/koha/opac-detail.pl?biblionumber=52696 _yKatalog online BPK |
||